| 000 | 00574nam a2200229Ia 4500 | ||
|---|---|---|---|
| 003 | OSt | ||
| 005 | 20231107145123.0 | ||
| 008 | 210719s2003 xx 000 0 und d | ||
| 020 | _a8120307658 | ||
| 040 | _cAL | ||
| 041 | _aeng | ||
| 082 | _a547 MORO | ||
| 100 |
_aMORRISON (R T) & BOYD (R N) _9141062 |
||
| 245 | _aOrganic chemistry. | ||
| 250 | _a6 | ||
| 260 |
_aN D _bPrentice-Hall of India Private Limited _c2003 |
||
| 300 |
_axxvi,1278,xx _bPB |
||
| 365 |
_b350 _cRs |
||
| 650 |
_aOrganic Chemistry _9141063 |
||
| 906 | _aOrganic Chemistry | ||
| 942 |
_2ddc _cBK |
||
| 999 |
_c213754 _d213754 |
||